Statistiken für Länder mit ersten 2 Buchstaben

Klicken Sie hier um das Quiz zu spielen!

Allgemein

  • Dieses Quiz wurde 2.349 mal gespielt
  • Das Durchschnittsergebnis liegt bei 171 aus 196

Antworten auf der Karte

Die Antworten werden auf der Karte rot bzw. grün angezeigt, abhängig davon wie oft sie richtig erraten wurden.
 

Antwortstatistiken

Antwort% Korrekt
Rumänien
99%
Russland
99%
Chile
98%
China
98%
Deutschland
98%
Kambodscha
98%
Kamerun
98%
Kanada
98%
Kap Verde
98%
Kasachstan
98%
Katar
98%
Nordmazedonien
98%
Ruanda
98%
Frankreich
97%
Madagaskar
97%
Malawi
97%
Malaysia
97%
Malediven
97%
Mali
97%
Malta
97%
Marokko
97%
Marshallinseln
97%
Mauretanien
97%
Mauritius
97%
Mexiko
97%
Nordkorea
97%
Norwegen
97%
Polen
97%
Portugal
97%
Schweden
97%
Schweiz
97%
Vereinigte Staaten
97%
Argentinien
96%
Armenien
96%
Australien
96%
Belarus
96%
Belgien
96%
Belize
96%
Benin
96%
Brasilien
96%
Brunei
96%
Fidschi
96%
Finnland
96%
Irak
96%
Iran
96%
Irland
96%
Italien
96%
Libanon
96%
Liberia
96%
Libyen
96%
Liechtenstein
96%
Litauen
96%
Nicaragua
96%
Niederlande
96%
Niger
96%
Nigeria
96%
Spanien
96%
Südafrika
96%
Sudan
96%
Südkorea
96%
Südsudan
96%
Suriname
96%
Venezuela
96%
Vereinigte Arabische Emirate
96%
Vereinigtes Königreich
96%
Albanien
95%
Algerien
95%
Dänemark
95%
Indien
95%
Indonesien
95%
Island
95%
Israel
95%
Moldawien
95%
Monaco
95%
Mongolei
95%
Montenegro
95%
Mosambik
95%
Pakistan
95%
Palau
95%
Panama
95%
Papua-Neuguinea
95%
Paraguay
95%
Türkei
95%
Demokratische Republik Kongo
94%
Jamaika
94%
Japan
94%
Kolumbien
94%
Komoren
94%
Kosovo
94%
Republik Kongo
94%
Tunesien
94%
Turkmenistan
94%
Tuvalu
94%
Ägypten
93%
Lettland
93%
Neuseeland
93%
Salomonen
93%
São Tomé und Príncipe
93%
Bolivien
92%
Bosnien und Herzegowina
92%
Botswana
92%
Grenada
92%
Griechenland
92%
Lesotho
92%
Nepal
92%
Sambia
92%
Samoa
92%
San Marino
92%
Saudi-Arabien
92%
Eswatini
91%
Österreich
91%
Ukraine
91%
Estland
90%
Osttimor
90%
Peru
90%
Tschad
90%
Tschechien
90%
Usbekistan
90%
Senegal
89%
Serbien
89%
Seychellen
89%
Bulgarien
87%
Burkina Faso
87%
Burundi
87%
Andorra
85%
Kroatien
85%
Angola
84%
Antigua und Barbuda
84%
Bahamas
84%
Bahrain
84%
Bangladesch
84%
Kuba
84%
Kuwait
84%
Slowakei
84%
Slowenien
84%
Uruguay
84%
Barbados
83%
Ungarn
83%
Jemen
82%
Guatemala
81%
Guinea
81%
Guinea-Bissau
81%
Guyana
81%
Oman
80%
Somalia
80%
Tadschikistan
80%
Taiwan
80%
Tansania
80%
Thailand
80%
Afghanistan
79%
Elfenbeinküste
79%
Namibia
79%
Nauru
79%
Ecuador
78%
El Salvador
78%
Vietnam
78%
Laos
77%
Äthiopien
76%
Dominikanische Republik
76%
Haiti
76%
Philippinen
76%
Aserbaidschan
75%
Dominica
75%
Kirgisistan
74%
Kiribati
74%
Georgien
73%
Honduras
73%
Sierra Leone
73%
Simbabwe
73%
Singapur
73%
Ghana
72%
Syrien
72%
Jordanien
71%
Togo
71%
Tonga
71%
Kenia
69%
Sri Lanka
69%
Costa Rica
68%
Eritrea
67%
Myanmar
67%
Vanuatu
67%
Vatikanstadt
67%
Gabun
66%
Gambia
66%
Bhutan
65%
Zentral­afrikanische Republik
64%
Zypern
64%
Uganda
61%
Luxemburg
60%
Föderierte Staaten von Mikronesien
59%
Äquatorialguinea
58%
Dschibuti
58%
St. Kitts und Nevis
55%
St. Lucia
55%
St. Vincent und die Grenadinen
55%
Trinidad und Tobago
46%

Verteilung der Resultate

Perzentil nach korrekt beantworteten Fragen

Anzahl Personen mit jedem Resultat

Ihre Resultats-Entwicklung

Sie haben dieses Quiz noch nicht gespielt